Madame Guyon. (Record no. 13676)

000 -LEADER
fixed length control field 00680nam a2200193 a 4500
001 - CONTROL NUMBER
control field :::00011499$&:&@@
003 - CONTROL NUMBER IDENTIFIER
control field OkBaRHE
005 - DATE AND TIME OF LATEST TRANSACTION
control field 20000607103409.0
008 - FIXED-LENGTH DATA ELEMENTS--GENERAL INFORMATION
fixed length control field s1987 j 000 0 eng u
040 ## - CATALOGING SOURCE
Transcribing agency
100 1# - MAIN ENTRY--PERSONAL NAME
Personal name Guyon, Jeanne Marie Bouvier de la Motte, 1648-1717.
245 10 - TITLE STATEMENT
Title Madame Guyon.
260 ## - PUBLICATION, DISTRIBUTION, ETC. (IMPRINT)
Place of publication, distribution, etc Chicago, IL., :
Name of publisher, distributor, etc Moody Press
Date of publication, distribution, etc 1987
300 ## - PHYSICAL DESCRIPTION
Extent 382 p.
650 ## - SUBJECT ADDED ENTRY--TOPICAL TERM
Topical term or geographic name as entry element Guyon, Jeanne Marie Bouvier de la Motte, 1648-1717.
942 ## - ADDED ENTRY ELEMENTS (KOHA)
Source of classification or shelving scheme
Koha item type Books
Copies
Not for loan Permanent Location Withdrawn status Price effective from Date last seen Koha item type Copy number Lost status Shelving location Barcode Full call number Date acquired Source of classification or shelving scheme Damaged status
 RHEMA Bible Training College 2010-04-142010-04-14Books1 General Stacks11499BX 4705 .G8A42010-04-14  
 RHEMA Bible Training College 2010-04-142010-04-14Books2 General Stacks16947BX 4705 .G8A42010-04-14